[Event "SRB-chT 2nd League"]
[Site "Novi Sad"]
[Date "2023.11.08"]
[Round "10.3"]
[White "Mijatovic, Dusan"]
[Black "Jotic, Vladimir"]
[Result "1-0"]
[WhiteElo "2141"]
[BlackElo "2280"]
[PlyCount "107"]
[EventDate "2023.11.02"]
[EventType "team-tourn"]
[EventRounds "11"]
[EventCountry "SRB"]
[SourceTitle "CB46_2023"]
[SourceDate "2023.11.15"]
[SourceVersion "1"]
[SourceVersionDate "2023.11.15"]
[SourceQuality "1"]
[WhiteTeam "Stara Pazova"]
[BlackTeam "Sombor"]
[WhiteTeamCountry "SRB"]
[BlackTeamCountry "SRB"]

1. e4 c6 2. Nf3 g6 3. d4 d5 4. Nc3 Bg7 5. h3 Nh6 6. Bd3 dxe4 7. Nxe4 Nf5 8. c3 Nd6 9. Bf4 Nxe4 10. Bxe4 Nd7 11. Qd2 0-0 12. Bh6 c5 13. Bxg7 Kxg7 14. 0-0 Nf6 15. Bc2 cxd4 16. Qxd4 Qxd4 17. Nxd4 e5 18. Nf3 Nd7 19. Rfe1 f6 20. Rad1 Nb6 21. Bb3 Bd7 22. Rd6 Bc6 23. Red1 Rae8 24. Ne1 a5 25. a3 Nc8 26. R6d2 Ne7 27. Nc2 Nf5 28. Bd5 Rd8 29. Ne3 Ne7 30. Bxc6 Rxd2 31. Rxd2 Nxc6 32. Nc4 b5 33. Rd7+ Kh6 34. Nd6 Rb8 35. g4 Kg5 36. Ne4+ Kf4 37. Nxf6 e4 38. Kg2 Ne5 39. Rd4 Nc4 40. Rxe4+ Kg5 41. Nxh7+ Kh6 42. Nf6 Nxb2 43. Re7 g5 44. Rc7 a4 45. Ne4 Nc4 46. Rc6+ Kg7 47. Nxg5 Nxa3 48. Ne6+ Kf7 49. Nd4 Nb1 50. g5 a3 51. g6+ Kg8 52. Ra6 Nxc3 53. Nf5 b4 54. Ra7 1-0

[Event "SRB-chT 2nd League"]
[Site "Novi Sad"]
[Date "2023.11.06"]
[Round "6.3"]
[White "Telecki, Ivan"]
[Black "Jotic, Vladimir"]
[Result "1-0"]
[WhiteElo "2260"]
[BlackElo "2280"]
[PlyCount "53"]
[EventDate "2023.11.02"]
[EventType "team-tourn"]
[EventRounds "11"]
[EventCountry "SRB"]
[SourceTitle "CB46_2023"]
[SourceDate "2023.11.15"]
[SourceVersion "1"]
[SourceVersionDate "2023.11.15"]
[SourceQuality "1"]
[WhiteTeam "Zlatica"]
[BlackTeam "Sombor"]
[WhiteTeamCountry "SRB"]
[BlackTeamCountry "SRB"]

1. e4 c6 2. d3 g6 3. g3 Bg7 4. Bg2 d5 5. exd5 cxd5 6. Nc3 Nf6 7. Nge2 Nc6 8. 0-0 h5 9. Bg5 Nh7 10. Bd2 d4 11. Ne4 h4 12. Nf4 e5 13. Nh3 Nf8 14. g4 Ne6 15. b4 Ne7 16. f4 f5 17. gxf5 gxf5 18. Neg5 Nxg5 19. Nxg5 Ng6 20. Qe2 Kf8 21. fxe5 Bxe5 22. Bxb7 Bxb7 23. Ne6+ Kg8 24. Nxd8 Rxd8 25. Rxf5 Re8 26. Qg4 Re7 27. Rxe5 1-0

[Event "SRB-chT 2nd League"]
[Site "Vrnjacka Banja"]
[Date "2022.11.09"]
[Round "8.1"]
[White "Chelushkina, Irina"]
[Black "Jotic, Vladimir"]
[Result "1/2-1/2"]
[WhiteElo "2173"]
[BlackElo "2304"]
[PlyCount "85"]
[EventDate "2022.11.04"]
[EventType "team-tourn"]
[EventRounds "11"]
[EventCountry "SRB"]
[SourceTitle "CBM 211 Extra"]
[Source "ChessBase"]
[SourceDate "2023.01.31"]
[SourceVersion "1"]
[SourceVersionDate "2023.01.31"]
[SourceQuality "1"]
[WhiteTeam "Krajisnik Krajina"]
[BlackTeam "Sombor"]
[WhiteTeamCountry "SRB"]
[BlackTeamCountry "SRB"]

1. g3 c5 2. Bg2 Nc6 3. c4 g6 4. Nc3 Bg7 5. d3 e5 6. Nf3 Nge7 7. 0-0 0-0 8. Ne1 d6 9. a3 Be6 10. Nd5 Qd7 11. b4 cxb4 12. axb4 Bxd5 13. cxd5 Nxb4 14. e4 Na6 15. Be3 Rfc8 16. f3 Nc5 17. Rf2 a5 18. Rfa2 b6 19. Bf1 Rc7 20. Bf2 Rca7 21. Rb1 Nc8 22. Nc2 Na4 23. Be1 b5 24. Na3 b4 25. Nc4 Ncb6 26. Nxb6 Nxb6 27. Bf2 Rb7 28. Qc2 Bf6 29. Qc6 Bd8 30. Bh3 Qxc6 31. dxc6 Rbb8 32. d4 exd4 33. Bxd4 Bc7 34. f4 Nc4 35. Bf1 Na3 36. Rc1 Bb6 37. Bxb6 Rxb6 38. c7 Rc8 39. e5 dxe5 40. Rd2 Kg7 41. Rd8 Rxc7 42. Rxc7 exf4 43. Rdd7 1/2-1/2

[Event "Vojvodina-chT 21st"]
[Site "Backa Palanka"]
[Date "2021.10.28"]
[Round "9.3"]
[White "Jotic, Vladimir"]
[Black "Stankovic, Milos M"]
[Result "1-0"]
[WhiteElo "2270"]
[BlackElo "2201"]
[PlyCount "87"]
[EventDate "2021.10.23"]
[EventType "team-tourn"]
[EventRounds "11"]
[EventCountry "SRB"]
[SourceTitle "CBM 204 Extra"]
[Source "ChessBase"]
[SourceDate "2021.11.30"]
[SourceVersion "1"]
[SourceVersionDate "2021.11.30"]
[SourceQuality "1"]
[WhiteTeam "Rastina Polet"]
[BlackTeam "Backa Palanka"]
[WhiteTeamCountry "SRB"]
[BlackTeamCountry "SRB"]

1. Nf3 d6 2. g3 f5 3. Bg2 Nf6 4. d3 e5 5. c4 Be7 6. Nc3 0-0 7. 0-0 a5 8. Rb1 Qe8 9. c5 Kh8 10. Bg5 Na6 11. Bxf6 Rxf6 12. Nd5 Rf8 13. Nxe7 Qxe7 14. cxd6 cxd6 15. a3 Be6 16. Qd2 a4 17. Qg5 Qd7 18. Qh4 Rf6 19. d4 Rh6 20. Qg5 e4 21. Nh4 Rf6 22. Qd2 Nc7 23. f3 exf3 24. Bxf3 Bd5 25. Rbc1 Bxf3 26. Rxf3 Nd5 27. Rcf1 Raf8 28. Qg5 Ne7 29. e4 fxe4 30. Rxf6 gxf6 31. Rxf6 Rg8 32. Qh5 Qc6 33. Qh6 Qc2 34. Rf7 Qd1+ 35. Kg2 Qe2+ 36. Rf2 Qd3 37. Qf6+ Rg7 38. Qf8+ Ng8 39. Nf5 Rg6 40. Nxd6 h5 41. Nf7+ Kh7 42. Ne5 Qa6 43. Nxg6 Qxg6 44. Qf7+ 1-0

[Event "Vojvodina-chT 21st"]
[Site "Backa Palanka"]
[Date "2021.10.27"]
[Round "7.3"]
[White "Jotic, Vladimir"]
[Black "Zolotic, Zoran"]
[Result "1/2-1/2"]
[WhiteElo "2270"]
[BlackElo "2247"]
[PlyCount "34"]
[EventDate "2021.10.23"]
[EventType "team-tourn"]
[EventRounds "11"]
[EventCountry "SRB"]
[SourceTitle "CBM 204 Extra"]
[Source "ChessBase"]
[SourceDate "2021.11.30"]
[SourceVersion "1"]
[SourceVersionDate "2021.11.30"]
[SourceQuality "1"]
[WhiteTeam "Rastina Polet"]
[BlackTeam "Mladenovo"]
[WhiteTeamCountry "SRB"]
[BlackTeamCountry "SRB"]

1. Nf3 d5 2. g3 g6 3. Bg2 Bg7 4. 0-0 Nf6 5. d3 0-0 6. Nbd2 b6 7. e4 dxe4 8. dxe4 Bb7 9. Qe2 c5 10. e5 Ne8 11. Re1 Nc7 12. Nf1 Ne6 13. c3 Qc7 14. h4 Nd7 15. N1h2 Rad8 16. Bg5 Rfe8 17. Ng4 Qc6 1/2-1/2

[Event "Vojvodina-chT 21st"]
[Site "Backa Palanka"]
[Date "2021.10.26"]
[Round "5.1"]
[White "Omorjan, Dejan"]
[Black "Jotic, Vladimir"]
[Result "1-0"]
[WhiteElo "2350"]
[BlackElo "2270"]
[PlyCount "115"]
[EventDate "2021.10.23"]
[EventType "team-tourn"]
[EventRounds "11"]
[EventCountry "SRB"]
[SourceTitle "CBM 204 Extra"]
[Source "ChessBase"]
[SourceDate "2021.11.30"]
[SourceVersion "1"]
[SourceVersionDate "2021.11.30"]
[SourceQuality "1"]
[WhiteTeam "Novi Sad Vojvodina"]
[BlackTeam "Rastina Polet"]
[WhiteTeamCountry "SRB"]
[BlackTeamCountry "SRB"]

1. d4 Nf6 2. c4 e6 3. Nf3 b6 4. g3 Bb7 5. Bg2 c5 6. d5 exd5 7. Nh4 g6 8. Nc3 Bg7 9. cxd5 d6 10. 0-0 Qd7 11. e4 b5 12. a3 0-0 13. Re1 Na6 14. Bf1 c4 15. Nf3 Rfe8 16. Bf4 Nc5 17. Nd2 a6 18. Qc2 Re7 19. Be3 Qc7 20. f3 Rae8 21. Bf2 Nfd7 22. a4 b4 23. Nd1 Bxd5 24. Bxc4 Bxc4 25. Nxc4 b3 26. Qe2 d5 27. Nce3 Nf6 28. Nc3 Rd7 29. exd5 Qb7 30. Rad1 Qb4 31. Qc4 Qxc4 32. Nxc4 Rxe1+ 33. Bxe1 Ne8 34. d6 Bf8 35. Ne4 Nxa4 36. Bb4 f5 37. Nc5 Nxc5 38. Bxc5 Nf6 39. Kg2 Rd8 40. Nb6 Nd7 41. Nxd7 Rxd7 42. Ra1 Kf7 43. Rxa6 Bg7 44. Ba3 Rb7 45. Ra8 Bf6 46. f4 Ke6 47. Kf3 h6 48. Ke3 g5 49. Rc8 g4 50. Kd3 h5 51. Kc4 h4 52. Kc5 hxg3 53. hxg3 Rh7 54. Kc6 Rh2 55. Re8+ Kf7 56. d7 Rc2+ 57. Bc5 Rxb2 58. Rf8+ 1-0

[Event "Vojvodina-chT 2nd League"]
[Site "Novi Sad"]
[Date "2018.11.13"]
[Round "6.4"]
[White "Ratkovic, Miloje"]
[Black "Jotic, Vladimir"]
[Result "1-0"]
[WhiteElo "2403"]
[BlackElo "2369"]
[PlyCount "207"]
[EventDate "2018.11.09"]
[EventType "team-tourn"]
[EventRounds "11"]
[EventCountry "SRB"]
[SourceTitle "CBM 187 Extra"]
[Source "ChessBase"]
[SourceDate "2018.11.04"]
[SourceVersion "1"]
[SourceVersionDate "2018.11.04"]
[SourceQuality "1"]
[WhiteTeam "Elemir Naftagas"]
[BlackTeam "Rastina Polet"]
[WhiteTeamCountry "SRB"]
[BlackTeamCountry "SRB"]

1. d4 Nf6 2. c4 g6 3. Nc3 Bg7 4. e4 d6 5. f3 0-0 6. Nge2 c5 7. d5 e6 8. Ng3 a6 9. a4 exd5 10. cxd5 Nbd7 11. Be2 Rb8 12. 0-0 Qc7 13. Be3 h5 14. Qd2 h4 15. Nh1 h3 16. g4 Ne5 17. Ng3 Qd7 18. Kh1 b5 19. axb5 axb5 20. Bh6 Nh7 21. Bxg7 Kxg7 22. Nd1 Qe7 23. Ne3 Qh4 24. b4 c4 25. Qd1 Qf6 26. f4 Nd7 27. Nef5+ Kh8 28. g5 Qc3 29. Rf3 Qxb4 30. Qd4+ f6 31. Ne7 Kg7 32. gxf6+ Nhxf6 33. Nc6 Qc5 34. Qxc5 Nxc5 35. Nxb8 Bg4 36. Nc6 Nfxe4 37. Re3 Rxf4 38. Bxg4 Rxg4 39. Rae1 Nf2+ 40. Kg1 Nfd3 41. Rd1 b4 42. Na5 c3 43. Rexd3 c2 44. Rc1 Nxd3 45. Rxc2 Nc5 46. Rc4 Rg5 47. Rxb4 Rxd5 48. Rb1 Rd2 49. Nc4 Rg2+ 50. Kf1 Rxh2 51. Nxd6 Rg2 52. Nde4 Nxe4 53. Nxe4 g5 54. Nf2 Rg3 55. Ke2 Kg6 56. Rb6+ Kf5 57. Rb5+ Kg6 58. Rb6+ Kf5 59. Rh6 g4 60. Rh8 Rg2 61. Ke3 Rg3+ 62. Kd4 Rg2 63. Ne4 Ra2 64. Rf8+ Kg6 65. Rh8 Kf5 66. Rf8+ Kg6 67. Ke3 Rg2 68. Kf4 Rg1 69. Rh8 Rg2 70. Ng3 Ra2 71. Kxg4 h2 72. Kf3 Ra3+ 73. Kf2 Kg5 74. Rxh2 Kg4 75. Ne2 Rf3+ 76. Ke1 Rd3 77. Rf2 Ra3 78. Rf8 Ra1+ 79. Kd2 Ra2+ 80. Ke3 Ra3+ 81. Ke4 Kg5 82. Nd4 Ra1 83. Nf3+ Kg6 84. Ne5+ Kg5 85. Rf5+ Kh6 86. Rf6+ Kg7 87. Rf7+ Kh6 88. Rf2 Kg5 89. Rf5+ Kh6 90. Rf6+ Kg7 91. Rg6+ Kh7 92. Rg3 Kh6 93. Kf5 Rf1+ 94. Nf3 Ra1 95. Rg6+ Kh7 96. Ng5+ Kh8 97. Ne6 Rf1+ 98. Nf4 Ra1 99. Kf6 Ra6+ 100. Ne6 Ra1 101. Rg4 Kh7 102. Nf8+ Kh8 103. Ng6+ Kg8 104. Ne7+ 1-0

[Event "Vojvodina-chT 2nd League"]
[Site "Novi Sad"]
[Date "2018.11.10"]
[Round "2.1"]
[White "Petakov, Uros"]
[Black "Jotic, Vladimir"]
[Result "0-1"]
[WhiteElo "2325"]
[BlackElo "2369"]
[PlyCount "56"]
[EventDate "2018.11.09"]
[EventType "team-tourn"]
[EventRounds "11"]
[EventCountry "SRB"]
[SourceTitle "CBM 187 Extra"]
[Source "ChessBase"]
[SourceDate "2018.11.04"]
[SourceVersion "1"]
[SourceVersionDate "2018.11.04"]
[SourceQuality "1"]
[WhiteTeam "Stara Pazova"]
[BlackTeam "Rastina Polet"]
[WhiteTeamCountry "SRB"]
[BlackTeamCountry "SRB"]

1. d4 Nf6 2. Nf3 c5 3. e3 g6 4. Be2 Bg7 5. 0-0 0-0 6. c4 cxd4 7. exd4 d5 8. Nc3 Nc6 9. h3 Bf5 10. a3 dxc4 11. Bxc4 Rc8 12. Ba2 Ne4 13. Re1 Nxc3 14. bxc3 e5 15. g4 Bd7 16. d5 Na5 17. Nxe5 Rxc3 18. Kg2 h5 19. Bd2 Bxe5 20. Rxe5 Rxh3 21. Bg5 Qb6 22. Rb1 Rh2+ 23. Kxh2 Qxf2+ 24. Kh1 Bxg4 25. d6 Bxd1 26. Rxd1 Qf3+ 27. Kh2 Qxd1 28. Bd5 Nc6 0-1

[Event "Faroes op"]
[Site "Sandavagur"]
[Date "2018.07.11"]
[Round "6"]
[White "Jotic, Vladimir"]
[Black "Miezis, Normunds"]
[Result "0-1"]
[WhiteElo "2387"]
[BlackElo "2463"]
[PlyCount "68"]
[EventDate "2018.07.07"]
[EventType "swiss"]
[EventRounds "9"]
[EventCountry "FAI"]
[SourceTitle "CBM 185 Extra"]
[Source "ChessBase"]
[SourceDate "2018.07.29"]
[SourceVersion "1"]
[SourceVersionDate "2018.07.29"]
[SourceQuality "1"]

1. e4 c5 2. Nf3 e6 3. d3 Nc6 4. g3 g6 5. Bg2 Bg7 6. 0-0 Nge7 7. Re1 d6 8. c3 e5 9. a4 0-0 10. Na3 h6 11. Nc4 Be6 12. Nfd2 Rb8 13. Ne3 d5 14. exd5 Nxd5 15. Nec4 Qc7 16. Qe2 Rbd8 17. Nf3 Rfe8 18. Bd2 Bf5 19. Rad1 Nb6 20. Be3 Nxa4 21. Nh4 Be6 22. Ra1 b5 23. Na3 a6 24. Be4 f5 25. Bxc6 Qxc6 26. Nxg6 f4 27. Bxf4 exf4 28. Nxf4 Bc8 29. Qh5 Bb7 30. Rxe8+ Rxe8 31. Nd5 Nxb2 32. Nc2 Nxd3 33. Rd1 Qxd5 34. Qxe8+ Kh7 0-1

[Event "Faroes op"]
[Site "Sandavagur"]
[Date "2018.07.08"]
[Round "2"]
[White "Jotic, Vladimir"]
[Black "Jones, Gawain C B"]
[Result "0-1"]
[WhiteElo "2387"]
[BlackElo "2670"]
[PlyCount "62"]
[EventDate "2018.07.07"]
[EventType "swiss"]
[EventRounds "9"]
[EventCountry "FAI"]
[SourceTitle "CBM 185 Extra"]
[Source "ChessBase"]
[SourceDate "2018.07.29"]
[SourceVersion "1"]
[SourceVersionDate "2018.07.29"]
[SourceQuality "1"]

1. g3 g6 2. Bg2 Bg7 3. c4 Nc6 4. Nc3 e5 5. d3 Nf6 6. Nf3 0-0 7. 0-0 d6 8. Rb1 a5 9. a3 h6 10. b4 axb4 11. axb4 Be6 12. b5 Ne7 13. Qb3 Nd7 14. Bb2 Nc5 15. Qc2 Qd7 16. Rfe1 Bh3 17. Bh1 c6 18. Ra1 Qc7 19. Nd2 Ne6 20. e3 Rxa1 21. Rxa1 d5 22. bxc6 bxc6 23. Ne2 Qd7 24. Nf3 d4 25. exd4 exd4 26. Nd2 g5 27. Qa4 Rb8 28. Ba3 Qc7 29. Re1 c5 30. Nc1 Ng6 31. Qc6 Qa5 0-1

[Event "Subotica Spartak-B"]
[Site "Subotica"]
[Date "2010.10.26"]
[Round "5"]
[White "Ardeleanu, Alin"]
[Black "Jotic, Vladimir"]
[Result "1/2-1/2"]
[WhiteElo "2401"]
[BlackElo "2310"]
[PlyCount "102"]
[EventDate "2010.10.23"]
[EventType "tourn"]
[EventRounds "9"]
[EventCountry "YUG"]
[EventCategory "2"]
[SourceTitle "EXT 2011"]
[Source "ChessBase"]
[SourceDate "2010.11.26"]
[SourceVersion "1"]
[SourceVersionDate "2010.11.26"]
[SourceQuality "1"]

1. e4 c5 2. Nf3 Nc6 3. Bb5 e6 4. Bxc6 bxc6 5. 0-0 Ne7 6. b3 Ng6 7. Bb2 f6 8. e5 Be7 9. Na3 0-0 10. Nc4 Ba6 11. d3 Qc7 12. Re1 Rf7 13. exf6 Bxf6 14. Nce5 Nxe5 15. Nxe5 Rff8 16. Qc1 d6 17. Ng4 Bxb2 18. Qxb2 e5 19. Qc1 h5 20. Ne3 Rf4 21. Nf1 Raf8 22. f3 Bc8 23. Re4 d5 24. Rxf4 exf4 25. Qd2 Qe5 26. Re1 Qd4+ 27. Qf2 Kf7 28. Qxd4 cxd4 29. b4 Bd7 30. Nd2 Rb8 31. a3 a5 32. bxa5 Rb2 33. Rb1 Ra2 34. Rb7 Ke6 35. Nb3 Kd6 36. a4 c5 37. a6 Bxa4 38. Rxg7 Bxb3 39. cxb3 Kc6 40. a7 c4 41. bxc4 dxc4 42. dxc4 d3 43. Rg5 Rxa7 44. Kf2 Ra1 45. Rd5 Ra2+ 46. Ke1 Rxg2 47. Rxh5 Re2+ 48. Kd1 Rf2 49. h4 Rxf3 50. Kd2 Rh3 51. Rf5 Rxh4 1/2-1/2

[Event "Subotica Spartak-B"]
[Site "Subotica"]
[Date "2010.10.24"]
[Round "2"]
[White "Tancik, Kristijan"]
[Black "Jotic, Vladimir"]
[Result "1-0"]
[WhiteElo "2261"]
[BlackElo "2310"]
[PlyCount "87"]
[EventDate "2010.10.23"]
[EventType "tourn"]
[EventRounds "9"]
[EventCountry "YUG"]
[EventCategory "2"]
[SourceTitle "EXT 2011"]
[Source "ChessBase"]
[SourceDate "2010.11.26"]
[SourceVersion "1"]
[SourceVersionDate "2010.11.26"]
[SourceQuality "1"]

1. d4 Nf6 2. c4 e6 3. Nc3 Bb4 4. Qc2 c5 5. dxc5 0-0 6. a3 Bxc5 7. Nf3 b6 8. Bf4 Bb7 9. Rd1 Nc6 10. b4 Nh5 11. Bc1 Be7 12. e4 Nf6 13. e5 Ng4 14. Qe4 f5 15. Qe2 Nxb4 16. h3 Bxf3 17. gxf3 Nxe5 18. axb4 Nc6 19. b5 Na5 20. Qd3 Bb4 21. Bb2 d6 22. Be2 Rc8 23. Rg1 Qf6 24. Qd4 Qxd4 25. Rxd4 d5 26. Kd1 Bc5 27. Rh4 Bxf2 28. Rxg7+ Kxg7 29. Ne4+ Kg6 30. Nxf2 Nxc4 31. Bc1 h5 32. f4 Rh8 33. Nd3 d4 34. Ne5+ Nxe5 35. fxe5 d3 36. Bf3 Rc5 37. Bc6 Rd8 38. Ra4 Rc2 39. Rxa7 d2 40. Ba3 Ra2 41. Be7 Rxa7 42. Bxd8 Ra3 43. Bxb6 Rxh3 44. Bc7 1-0

[Event "Vojvodina-chT 2nd League"]
[Site "Sombor"]
[Date "2010.10.16"]
[Round "8"]
[White "Sekulic, Dusan"]
[Black "Jotic, Vladimir"]
[Result "0-1"]
[WhiteElo "2301"]
[BlackElo "2310"]
[PlyCount "98"]
[EventDate "2010.10.10"]
[EventType "team-tourn"]
[EventRounds "9"]
[EventCountry "YUG"]
[SourceTitle "CBM 138 Extra"]
[Source "ChessBase"]
[SourceDate "2010.10.29"]
[SourceVersion "1"]
[SourceVersionDate "2010.10.29"]
[SourceQuality "1"]

1. d4 Nf6 2. Nf3 g6 3. c4 Bg7 4. g3 0-0 5. Bg2 d6 6. 0-0 Nc6 7. Nc3 a6 8. b3 Rb8 9. Bb2 b5 10. cxb5 axb5 11. d5 Na5 12. Nd4 b4 13. Ncb5 e5 14. dxe6 c5 15. Nc6 Nxc6 16. Bxc6 Rb6 17. Na7 Bxe6 18. a3 Qc7 19. axb4 Rxc6 20. Nxc6 Qxc6 21. f3 Nd5 22. Bxg7 Kxg7 23. Qd2 cxb4 24. Qd4+ Kg8 25. e4 Qc3 26. Rfd1 Qe3+ 27. Qxe3 Nxe3 28. Rxd6 Nc2 29. Rb1 Rc8 30. Kf2 Rc3 31. g4 g5 32. Rd2 Rxb3 33. Rc1 Na3 34. Rc5 h6 35. h4 gxh4 36. Rh5 Nc4 37. Rd8+ Kg7 38. g5 hxg5 39. Rxg5+ Kf6 40. f4 Rb2+ 41. Kf3 Nd2+ 42. Ke3 Nf1+ 43. Kf3 Nh2+ 44. Ke3 Ng4+ 45. Kd3 h3 46. Re8 h2 47. Rh5 h1Q 48. e5+ Kg7 49. Rg5+ Kh7 0-1

[Event "Vojvodina-chT"]
[Site "Sombor"]
[Date "2009.10.02"]
[Round "8"]
[White "Guzsvany, Arpad"]
[Black "Jotic, Vladimir"]
[Result "0-1"]
[WhiteElo "2130"]
[BlackElo "2323"]
[PlyCount "74"]
[EventDate "2009.09.27"]
[EventType "team-swiss"]
[EventRounds "11"]
[EventCountry "YUG"]
[SourceTitle "EXT 2012"]
[Source "ChessBase"]
[SourceDate "2011.11.24"]
[SourceVersion "1"]
[SourceVersionDate "2011.11.24"]
[SourceQuality "1"]

1. d4 Nf6 2. c4 e6 3. Nc3 Bb4 4. e3 c5 5. Nge2 d5 6. a3 Bxc3+ 7. Nxc3 cxd4 8. exd4 Nc6 9. c5 a5 10. Bf4 0-0 11. Bd6 Re8 12. Nb5 e5 13. Nc7 Nxd4 14. Nxe8 Qxe8 15. Be2 Bd7 16. a4 Ne4 17. Bd3 Nxd6 18. cxd6 Qe6 19. 0-0 Qxd6 20. Re1 g6 21. Re3 Be6 22. h4 e4 23. Bf1 Nf5 24. Rb3 b6 25. h5 d4 26. Rb5 Bd7 27. Rb3 Rc8 28. f3 Be6 29. Rba3 e3 30. Bd3 Qf4 31. Bxf5 Bxf5 32. hxg6 hxg6 33. Rc1 Rxc1 34. Qxc1 d3 35. Qe1 e2 36. Ra1 Be6 37. Ra3 Qd4+ 0-1

[Event "Vojvodina Cup"]
[Site "Banja Junakovic"]
[Date "2007.05.01"]
[Round "5.4"]
[White "Jotic, Vladimir"]
[Black "Arbutina, Sinisa"]
[Result "1-0"]
[WhiteElo "2279"]
[BlackElo "2316"]
[PlyCount "119"]
[EventDate "2007.04.28"]
[EventType "team"]
[EventRounds "5"]
[EventCountry "YUG"]
[SourceTitle "EXT 2008"]
[Source "ChessBase"]
[SourceDate "2007.11.25"]
[SourceVersion "1"]
[SourceVersionDate "2007.11.25"]
[SourceQuality "1"]

1. Nf3 d5 2. d4 Nf6 3. Bf4 Bf5 4. e3 e6 5. c4 c6 6. Qb3 Qb6 7. Nc3 Nbd7 8. c5 Qxb3 9. axb3 a6 10. h3 h6 11. b4 Rc8 12. Nd2 Be7 13. Nb3 Bd8 14. Na5 Bxa5 15. bxa5 0-0 16. Bd6 Rfe8 17. Ra4 Ra8 18. Rb4 Ra7 19. f3 e5 20. Kd2 exd4 21. exd4 g5 22. g4 Bg6 23. Ne2 Rc8 24. Ng3 Ne8 25. Be7 Nc7 26. Bd3 Re8 27. Re1 Nf8 28. Nf5 Bxf5 29. gxf5 Kg7 30. f6+ Kg8 31. f4 Ng6 32. fxg5 Nxe7 33. Rxe7 Rxe7 34. fxe7 hxg5 35. Bf5 Kg7 36. Bd7 Kf6 37. Bc8 Kxe7 38. Bxb7 Kd7 39. Rb6 Ne6 40. Ke3 Nd8 41. Bxa6 f5 42. b4 Ne6 43. b5 f4+ 44. Kd3 Nd8 45. Bb7 Rxa5 46. Bxc6+ Nxc6 47. Rxc6 Rxb5 48. Rd6+ Kc7 49. Rxd5 Rb3+ 50. Kc4 Rxh3 51. Rxg5 Rh1 52. Rg7+ Kd8 53. Rf7 Rf1 54. Kd3 Rd1+ 55. Ke4 Re1+ 56. Kd5 Rf1 57. Kd6 Ke8 58. Re7+ Kf8 59. c6 f3 60. c7 1-0

[Event "Vojvodina Cup"]
[Site "Banja Junakovic"]
[Date "2007.04.30"]
[Round "4.3"]
[White "Jotic, Vladimir"]
[Black "Nadj Hedjesi, Balind"]
[Result "1/2-1/2"]
[WhiteElo "2279"]
[BlackElo "2342"]
[PlyCount "95"]
[EventDate "2007.04.28"]
[EventType "team"]
[EventRounds "5"]
[EventCountry "YUG"]
[SourceTitle "EXT 2008"]
[Source "ChessBase"]
[SourceDate "2007.11.25"]
[SourceVersion "1"]
[SourceVersionDate "2007.11.25"]
[SourceQuality "1"]

1. e4 c5 2. Nf3 d6 3. Bc4 e6 4. d4 Nf6 5. Nc3 cxd4 6. Nxd4 a6 7. Bb3 Nbd7 8. 0-0 Nc5 9. f4 Be7 10. e5 dxe5 11. fxe5 Nxb3 12. axb3 Bc5 13. Be3 Nd5 14. Bf2 Nxc3 15. bxc3 Qc7 16. Qh5 g6 17. Qe2 Bd7 18. Bh4 Rc8 19. Qf2 f5 20. exf6 Kf7 21. Bg3 Qb6 22. Be5 Bc6 23. Kh1 h5 24. Qh4 Bxd4 25. Bxd4 Qb5 26. c4 Qb4 27. Rae1 Rcd8 28. Qh3 Rde8 29. Qe3 h4 30. Bc5 Qa5 31. Be7 e5 32. h3 Rh5 33. Ra1 Qc7 34. Rad1 Qc8 35. Rd6 g5 36. Rxc6 bxc6 37. Qxe5 Rh6 38. Qxg5 Rg6 39. Qxh4 Rh8 40. Qf4 Rxh3+ 41. Kg1 Rhg3 42. Rf2 Qe6 43. Qd2 Re3 44. Bb4 c5 45. Qd8 cxb4 46. Qc7+ Kf8 47. Qc5+ Kf7 48. Qc7+ 1/2-1/2

[Event "Vojvodina Cup"]
[Site "Banja Junakovic"]
[Date "2007.04.28"]
[Round "1.5"]
[White "Stojanovic, Zoran"]
[Black "Jotic, Vladimir"]
[Result "1/2-1/2"]
[WhiteElo "2253"]
[BlackElo "2279"]
[PlyCount "29"]
[EventDate "2007.04.28"]
[EventType "team"]
[EventRounds "5"]
[EventCountry "YUG"]
[SourceTitle "EXT 2008"]
[Source "ChessBase"]
[SourceDate "2007.11.25"]
[SourceVersion "1"]
[SourceVersionDate "2007.11.25"]
[SourceQuality "1"]

1. d4 Nf6 2. Nf3 d5 3. c4 e6 4. Nc3 Be7 5. Bg5 h6 6. Bxf6 Bxf6 7. cxd5 exd5 8. e3 0-0 9. Be2 c6 10. 0-0 Be7 11. Rb1 a5 12. a3 Nd7 13. Na4 Re8 14. b4 Bd6 15. Nc5 1/2-1/2